<?xml version="1.0" encoding="UTF-8"?>
<record
    xmlns:xsi="http://www.w3.org/2001/XMLSchema-instance"
    xsi:schemaLocation="http://www.loc.gov/MARC21/slim http://www.loc.gov/standards/marcxml/schema/MARC21slim.xsd"
    xmlns="http://www.loc.gov/MARC21/slim">

  <leader>07051nam a2200901uu 4500</leader>
  <controlfield tag="001">1060446</controlfield>
  <controlfield tag="005">20260507082421.0</controlfield>
  <controlfield tag="008">071206s2006                        mul  </controlfield>
  <datafield tag="020" ind1=" " ind2=" ">
    <subfield code="a">849349593X</subfield>
  </datafield>
  <datafield tag="035" ind1=" " ind2=" ">
    <subfield code="a">1060446</subfield>
  </datafield>
  <datafield tag="035" ind1=" " ind2=" ">
    <subfield code="a">(OCoLC)777680874</subfield>
  </datafield>
  <datafield tag="040" ind1=" " ind2=" ">
    <subfield code="c">comduadb</subfield>
  </datafield>
  <datafield tag="041" ind1=" " ind2=" ">
    <subfield code="a">CAT</subfield>
    <subfield code="a">POR</subfield>
    <subfield code="a">mul</subfield>
  </datafield>
  <datafield tag="082" ind1=" " ind2="4">
    <subfield code="a">401</subfield>
  </datafield>
  <datafield tag="082" ind1=" " ind2="4">
    <subfield code="a">025</subfield>
  </datafield>
  <datafield tag="110" ind1="2" ind2="0">
    <subfield code="a">Simposio Iberoamericano de terminologia (9 : 2006 : Barcelona)</subfield>
    <subfield code="4">aut</subfield>
    <subfield code="e">aut</subfield>
    <subfield code="9">832545</subfield>
  </datafield>
  <datafield tag="245" ind1="1" ind2="3">
    <subfield code="a">La terminolog&#xED;a en el siglo XXI : contribuci&#xF3;n a la cultura de la paz, la diversidad y la sostenibilidad</subfield>
  </datafield>
  <datafield tag="250" ind1=" " ind2=" ">
    <subfield code="a">1. edici&#xF3;n</subfield>
  </datafield>
  <datafield tag="260" ind1=" " ind2=" ">
    <subfield code="a">Barcelona :</subfield>
    <subfield code="b">Universitat Pompeu Fabra, Institut Universitari de Linguistica Aplicada,</subfield>
    <subfield code="c">2006.</subfield>
  </datafield>
  <datafield tag="300" ind1=" " ind2=" ">
    <subfield code="a">855 p&#xE1;ginas.</subfield>
  </datafield>
  <datafield tag="490" ind1="0" ind2=" ">
    <subfield code="a">Serie activitats ;</subfield>
    <subfield code="v">17</subfield>
  </datafield>
  <datafield tag="505" ind1=" " ind2=" ">
    <subfield code="a">CONTENIDO : &#xCD;ndice. -- Introducci&#xF3;n. -- Conferencias plenarias. -- Mesas redondas. -- Primera mesa. -- Segunda mesa. -- Secci&#xF3;n 1: Terminolog&#xED;a y diversidad ling&#xFC;&#xED;stica y cultural. -- Secci&#xF3;n 2: La nueva ling&#xFC;&#xED;stica al servicio del desarrollo te&#xF3;rico y aplicado de la terminolog&#xED;a. -- Secci&#xF3;n 3: Tecnolog&#xED;as y nuevos recursos para la automatizaci&#xF3;n del proceso de trabajo en terminolog&#xED;a. -- Secci&#xF3;n 4: Necesidades comunicativas y cooperaci&#xF3;n profesional. -- Secci&#xF3;n 5: Terminolog&#xED;a y resoluci&#xF3;n de conflictos sociales y econ&#xF3;micos. -- Secci&#xF3;n 6: Recursos, metodolog&#xED;as y tecnolog&#xED;as al servicio del desarrollo social y la sostenibilidad de las lenguas. -- Secci&#xF3;n 7: Terminolog&#xED;a y lenguas mayoritarias, minoritarias y minorizadas. -- &#xCD;ndice de autores.</subfield>
  </datafield>
  <datafield tag="505" ind1="8" ind2="0">
    <subfield code="t">Terminologia e morgologia : marcas morfologicas da genese do vocabulario da nautica em portugues</subfield>
  </datafield>
  <datafield tag="505" ind1="8" ind2="0">
    <subfield code="t">Diversidad cultural y neologia</subfield>
  </datafield>
  <datafield tag="505" ind1="8" ind2="0">
    <subfield code="t">Terminologia i diversitat linguistica i cultural</subfield>
  </datafield>
  <datafield tag="505" ind1="8" ind2="0">
    <subfield code="t">Recursos, metodologias y tecnologias para el desarrollo y la sostenibilidad de las lenguas minoritarias y minorizadas</subfield>
  </datafield>
  <datafield tag="505" ind1="8" ind2="0">
    <subfield code="t">Actividades de FUNREDES para la promocion de la diversidad linguistica en la internet y ensenanzas de la experiencia</subfield>
  </datafield>
  <datafield tag="505" ind1="8" ind2="0">
    <subfield code="t">La terminologia en la resolucion de los conflictos sociales y politicos</subfield>
  </datafield>
  <datafield tag="505" ind1="8" ind2="0">
    <subfield code="t">La banalizacion de la terminologia referida a la diversidad</subfield>
  </datafield>
  <datafield tag="505" ind1="8" ind2="0">
    <subfield code="t">Las modalidades diatopicas del espanol en el lenguaje medico</subfield>
  </datafield>
  <datafield tag="505" ind1="8" ind2="0">
    <subfield code="t">La comunicacion cientifica en ingles y espanol :  un estudio de la diversidad linguistica en el discurso medico actual</subfield>
  </datafield>
  <datafield tag="505" ind1="8" ind2="0">
    <subfield code="t">Diversidad linguistica y cultural en la descripcion de conceptos</subfield>
  </datafield>
  <datafield tag="505" ind1="8" ind2="0">
    <subfield code="t">Reconocimiento y clasificacion de patrones verbales definitorios en corpus especializados</subfield>
  </datafield>
  <datafield tag="505" ind1="8" ind2="0">
    <subfield code="t">El valor especializado de las unidades lexicas en el area del medio ambiente</subfield>
  </datafield>
  <datafield tag="505" ind1="8" ind2="0">
    <subfield code="t">Los procesos de significacion y el ideal de una comunicacion concisa, precisa y objetiva en los ambitos de especialidad</subfield>
  </datafield>
  <datafield tag="505" ind1="8" ind2="0">
    <subfield code="t">Descripcion de la nocion concepto desde una perspectiva linguistico-cognitiva para el desarrollo de un diccionario onomasiologico</subfield>
  </datafield>
  <datafield tag="505" ind1="8" ind2="0">
    <subfield code="t">Los sintagmas nominales extensos como un problema de la traduccion : descripcion y clasificacion</subfield>
  </datafield>
  <datafield tag="505" ind1="8" ind2="0">
    <subfield code="t">La combinatoria lexica especializada : combinaciones metaforicas en el discurso de genoma humano</subfield>
  </datafield>
  <datafield tag="505" ind1="8" ind2="0">
    <subfield code="t">Ontologias y extraccion de terminos</subfield>
  </datafield>
  <datafield tag="505" ind1="8" ind2="0">
    <subfield code="t">Procesamiento automatico del metalenguaje en terminologia : nuevas herramientas para la ensenanza y la investigacion</subfield>
  </datafield>
  <datafield tag="505" ind1="8" ind2="0">
    <subfield code="t">Estructuracion de datos en bancos terminologicos para procesos de representacion de conocimiento en sistemas de recuperacion de informacion</subfield>
  </datafield>
  <datafield tag="505" ind1="8" ind2="0">
    <subfield code="t">Contribucion al estudio de la terminologia de la gestion del patrimonio cultural y del turismo cultural a traves de los datos del proyecto ESLEE</subfield>
  </datafield>
  <datafield tag="505" ind1="8" ind2="0">
    <subfield code="t">El cambio tecnologico y la terminologia. La nanotecnologia</subfield>
  </datafield>
  <datafield tag="505" ind1="8" ind2="0">
    <subfield code="t">Analisis terminologico de anglicismos en el discurso economico semiespecializado del espanol de Chile</subfield>
  </datafield>
  <datafield tag="505" ind1="8" ind2="0">
    <subfield code="t">Acercamiento al procedimiento y el instrumento como motivaciones extralinguisticas en la formacion del concepto especializado en los terminos verbales de la computacion basica. Espanol de Mexico</subfield>
  </datafield>
  <datafield tag="505" ind1="8" ind2="0">
    <subfield code="t">Que se debe y que se puede representar</subfield>
  </datafield>
  <datafield tag="505" ind1="8" ind2="0">
    <subfield code="t">Necesidades comunicativas y cooperacion profesional en la transmision del conocimiento especializado : la elaboracion de vocabularios terminologicos en el area socioeconomica y de gestion de las tecnologias</subfield>
  </datafield>
  <datafield tag="505" ind1="8" ind2="0">
    <subfield code="t">ISO 704 : metamorfosis de una norma ISO de terminologia para responder a nuevas necesidades de comunicacion y representacion de conocimiento</subfield>
  </datafield>
  <datafield tag="505" ind1="8" ind2="0">
    <subfield code="t">La diversidad diatopica en terminologia : el caso de la terminologia economica espanola</subfield>
  </datafield>
  <datafield tag="505" ind1="8" ind2="0">
    <subfield code="t">La terminologia como herramienta de la gestion  del conocimiento de las empresas</subfield>
  </datafield>
  <datafield tag="505" ind1="8" ind2="0">
    <subfield code="t">Estudio de los diferentes tipos de descripcion de conceptos especializados de acuerdo con las diferentes necesidades comunicativas del destinatario final :  un estudio de caso en la cardiologia</subfield>
  </datafield>
  <datafield tag="505" ind1="8" ind2="0">
    <subfield code="t">Derechos humanos en Chile : una aproximacion terminologica</subfield>
  </datafield>
  <datafield tag="505" ind1="8" ind2="0">
    <subfield code="t">La diversidad linguistica y cultural :  experiencia en la elaboracion del banco de datos terminologico multilingue BT-FRASJURE</subfield>
  </datafield>
  <datafield tag="505" ind1="8" ind2="0">
    <subfield code="t">Genesis y desarrollo de la terminologia de la discapacidad visual en espanol : un ejemplo de trabajo terminologico al servicio de la integracion social de las personas con ceguera y deficiencia visual</subfield>
  </datafield>
  <datafield tag="505" ind1="8" ind2="0">
    <subfield code="t">Representacion tematica y relaciones lexicas en dos tesauros de bibliotecologia y documentacion</subfield>
  </datafield>
  <datafield tag="505" ind1="8" ind2="0">
    <subfield code="t">La innovacion metodologica en la ensenanza de la terminologia : a nuevos hechos nuevos conceptos</subfield>
  </datafield>
  <datafield tag="505" ind1="8" ind2="0">
    <subfield code="t">Bibliotecologia, linguistica y organizacion del conocimiento : puntos de contacto y convergencia</subfield>
  </datafield>
  <datafield tag="505" ind1="8" ind2="0">
    <subfield code="t">La competencia terminologica : su lugar en la formacion de traductores</subfield>
  </datafield>
  <datafield tag="505" ind1="8" ind2="0">
    <subfield code="t">El lexico patrimonial en la comunicacion especializada</subfield>
  </datafield>
  <datafield tag="505" ind1="8" ind2="0">
    <subfield code="t">Importancia de las siglas en dos ambitos tematicos : genoma humano y medio ambiente</subfield>
  </datafield>
  <datafield tag="505" ind1="8" ind2="0">
    <subfield code="t">La produccion cientifica en espanol en la actualidad : su mejora a traves de cambios en las politicas documentales</subfield>
  </datafield>
  <datafield tag="505" ind1="8" ind2="0">
    <subfield code="t">La variacion terminologica en contextos sociolinguisticos minorizados : el caso de la lengua vasca</subfield>
  </datafield>
  <datafield tag="650" ind1=" " ind2="7">
    <subfield code="a">Terminolog&#xED;a</subfield>
    <subfield code="2">lemb</subfield>
    <subfield code="9">35884</subfield>
  </datafield>
  <datafield tag="650" ind1=" " ind2=" ">
    <subfield code="a">Resolucion de conflictos sociales</subfield>
    <subfield code="9">183711</subfield>
  </datafield>
  <datafield tag="650" ind1=" " ind2=" ">
    <subfield code="a">Terminologia - Aspectos sociales - Congresos</subfield>
    <subfield code="9">183517</subfield>
  </datafield>
  <datafield tag="650" ind1=" " ind2=" ">
    <subfield code="a">Terminolog&#xED;a - Metodolog&#xED;a</subfield>
    <subfield code="9">183687</subfield>
  </datafield>
  <datafield tag="650" ind1=" " ind2="7">
    <subfield code="a">Terminolog&#xED;a como asunto</subfield>
    <subfield code="2">dcs</subfield>
    <subfield code="9">170487</subfield>
  </datafield>
  <datafield tag="650" ind1=" " ind2=" ">
    <subfield code="a">Normalizaci&#xF3;n terminol&#xF3;gica</subfield>
    <subfield code="9">121356</subfield>
  </datafield>
  <datafield tag="650" ind1=" " ind2=" ">
    <subfield code="a">Riterm</subfield>
    <subfield code="9">25209</subfield>
  </datafield>
  <datafield tag="650" ind1=" " ind2=" ">
    <subfield code="a">Terminologia cientifica</subfield>
    <subfield code="9">88029</subfield>
  </datafield>
  <datafield tag="650" ind1=" " ind2=" ">
    <subfield code="a">Terminolog&#xED;a m&#xE9;dica</subfield>
    <subfield code="9">134439</subfield>
  </datafield>
  <datafield tag="650" ind1=" " ind2=" ">
    <subfield code="a">Lengua y cultura</subfield>
    <subfield code="9">121077</subfield>
  </datafield>
  <datafield tag="650" ind1=" " ind2="7">
    <subfield code="a">Multiculturalismo</subfield>
    <subfield code="2">embne</subfield>
    <subfield code="9">176939</subfield>
  </datafield>
  <datafield tag="700" ind1="1" ind2="0">
    <subfield code="a">Cabre Castellvi, Maria Teresa,</subfield>
    <subfield code="d">1947-</subfield>
    <subfield code="4">edt</subfield>
    <subfield code="0">(orcid)0000-0001-8078-6485</subfield>
    <subfield code="0">(isni)0000 0001 1674 9903</subfield>
    <subfield code="0">(viaf)76336759</subfield>
    <subfield code="e">edt</subfield>
    <subfield code="9">295539</subfield>
  </datafield>
  <datafield tag="700" ind1="1" ind2="0">
    <subfield code="a">Estopa, Rosa</subfield>
    <subfield code="4">edt</subfield>
    <subfield code="e">edt</subfield>
  </datafield>
  <datafield tag="700" ind1="1" ind2="0">
    <subfield code="a">Teb&#xE9;, Carles</subfield>
    <subfield code="4">edt</subfield>
    <subfield code="e">edt</subfield>
    <subfield code="9">379693</subfield>
  </datafield>
  <datafield tag="942" ind1=" " ind2=" ">
    <subfield code="c">BOOK</subfield>
  </datafield>
  <datafield tag="999" ind1=" " ind2=" ">
    <subfield code="c">439238</subfield>
    <subfield code="d">439238</subfield>
  </datafield>
  <datafield tag="952" ind1=" " ind2=" ">
    <subfield code="0">0</subfield>
    <subfield code="1">0</subfield>
    <subfield code="4">0</subfield>
    <subfield code="7">0</subfield>
    <subfield code="8">GENERAL</subfield>
    <subfield code="a">SIMI</subfield>
    <subfield code="b">SIMI</subfield>
    <subfield code="d">2007-12-06</subfield>
    <subfield code="i">C984452</subfield>
    <subfield code="l">1</subfield>
    <subfield code="o">401.04 E/S612</subfield>
    <subfield code="p">6201971</subfield>
    <subfield code="r">2025-06-19 14:06:44</subfield>
    <subfield code="s">2025-06-05</subfield>
    <subfield code="t">1</subfield>
    <subfield code="w">2023-04-27</subfield>
    <subfield code="y">BOOK</subfield>
  </datafield>
  <datafield tag="952" ind1=" " ind2=" ">
    <subfield code="0">0</subfield>
    <subfield code="1">0</subfield>
    <subfield code="4">0</subfield>
    <subfield code="7">0</subfield>
    <subfield code="8">GENERAL</subfield>
    <subfield code="a">SIMI</subfield>
    <subfield code="b">SIMI</subfield>
    <subfield code="d">2008-04-21</subfield>
    <subfield code="i">C996589</subfield>
    <subfield code="l">0</subfield>
    <subfield code="o">401.04 E/S612 e2</subfield>
    <subfield code="p">6202530</subfield>
    <subfield code="r">2023-04-27 00:00:00</subfield>
    <subfield code="t">2</subfield>
    <subfield code="w">2023-04-27</subfield>
    <subfield code="y">BOOK</subfield>
  </datafield>
  <datafield tag="952" ind1=" " ind2=" ">
    <subfield code="0">0</subfield>
    <subfield code="1">0</subfield>
    <subfield code="4">0</subfield>
    <subfield code="7">0</subfield>
    <subfield code="8">GENERAL</subfield>
    <subfield code="a">SIMI</subfield>
    <subfield code="b">SIMI</subfield>
    <subfield code="d">2009-05-15</subfield>
    <subfield code="i">C1047009</subfield>
    <subfield code="l">0</subfield>
    <subfield code="o">401.04 E/S612 e.3</subfield>
    <subfield code="p">6204134</subfield>
    <subfield code="r">2023-04-27 00:00:00</subfield>
    <subfield code="t">3</subfield>
    <subfield code="w">2023-04-27</subfield>
    <subfield code="y">BOOK</subfield>
  </datafield>
  <datafield tag="952" ind1=" " ind2=" ">
    <subfield code="0">0</subfield>
    <subfield code="1">0</subfield>
    <subfield code="4">0</subfield>
    <subfield code="7">0</subfield>
    <subfield code="8">GEN</subfield>
    <subfield code="a">BC</subfield>
    <subfield code="b">BC</subfield>
    <subfield code="d">2009-06-02</subfield>
    <subfield code="e">Material adquirido por donaci&#xF3;n</subfield>
    <subfield code="i">C1050372</subfield>
    <subfield code="l">0</subfield>
    <subfield code="o">401.4 S612</subfield>
    <subfield code="p">0568406</subfield>
    <subfield code="r">2025-01-29 00:00:00</subfield>
    <subfield code="t">4</subfield>
    <subfield code="w">2023-04-27</subfield>
    <subfield code="y">BOOK</subfield>
  </datafield>
</record>
